00703nam a22002177a 450000500170000000800410001702000180005804000210007604100080009708200130010510000310011824501070014925000130025626000400026930000150030965000320032465000410035665000280039770000270042570000330045220240919095523.0240919b |||||||| |||| 00| 0 eng d a9788192016078 aIN-DiNCcIN-DiNC dasm a320bSHA aSharma, Durgakantaeauthor aUchchatar madhyamik rajniti bigyan (XII)/cby Durgakanta Sharma, Rofique Zaman and Manas Pratim Baruah a16th ed. aGuwahati:bAssam book depot,c2024. axii, 347p. aContemporary world politics aPolitics in India since independence aPolitical science (XII) aZaman, Rofiqueeauthor aBaruah, Manas Pratimeauthor